Entry Personal Name
Number of records used in: 3
001 - CONTROL NUMBER
003 - CONTROL NUMBER IDENTIFIER
005 - DATE AND TIME OF LATEST TRANSACTION
- control field:
20191231114422.0
008 - FIXED-LENGTH DATA ELEMENTS
- fixed length control field:
800609n| azannaab |n aaa
010 ## - LIBRARY OF CONGRESS CONTROL NUMBER
- LC control number:
n 79118996
040 ## - CATALOGING SOURCE
- Original cataloging agency:
DLC
- Language of cataloging:
eng
- Description conventions:
rda
- Transcribing agency:
DLC
- Modifying agency:
DLC
100 10 - HEADING--PERSONAL NAME
- Personal name:
Diulio, Eugene A.
670 ## - SOURCE DATA FOUND
- Source citation:
His Schaum's outline of theory and problems of macroeconomic theory, 1974.
670 ## - SOURCE DATA FOUND
- Source citation:
His Schaum's outline of money and banking, c1986:
- Information found:
CIP t.p. (Eugene Diulio)
670 ## - SOURCE DATA FOUND
- Source citation:
Information from 678 converted Jan. 5, 2015
- Information found:
(Fordham Univ.)